000 00812nas a2200277 4500
001 BR2012004026
003 BR-BrBNA
005 20231205120637.0
007 ta
008 230509b bl.|||p| |||| 00| 00por d
040 _aBR-BrBNA
_bpor
_cBiblioteca Nacional de Agricultura
041 _a(Pt)
072 _aH60
100 1 _aOliveira, M. de L.a. de
245 1 _aAeschynomene indica L. no Brasil: primeira citação
650 _aLEGUMINOSAE
650 _aANGIQUINHO
650 _aHABITAT
650 _aFLORAÇÃO
650 _aFRUTIFICAÇÃO
650 _aDISTRIBUIÇÃO GEOGRÁFICA
650 _aRIO GRANDE DO SUL
773 0 _tIheringia. Série Botânica (Brazil)
_xISSN 0073-4705
_g(Jun 1991), v. 41 p. 3-8
_wBR2012004026
909 _a202311
_bLúcia
_c55
_dLúcia Elande
942 _2AGRIS
_n0
_cANA
999 _c219532
_d219532